| 000 | 01401 am a2200373 a 4500 | ||
|---|---|---|---|
| 001 | vtls000896221 | ||
| 003 | NLI | ||
| 005 | 20210627083534.0 | ||
| 008 | 110606s2010 ii e 000 j eng d | ||
| 020 |
_a9789380658247 (pbk.) _cRs. 295.00 |
||
| 039 | 9 |
_a201106061900 _bprasenjits _y201106061856 _zprasenjits |
|
| 040 |
_aNLI _Beng |
||
| 041 | 0 | _aeng | |
| 044 | _aii | ||
| 082 | 0 | 4 |
_a823.010892051 _222 |
| 130 | 0 |
_aChicken soup for the soul. _kSelections _9852582 |
|
| 245 | 1 | 0 |
_aChicken soup for the soul : _bIndian fathers : 101 stories to open the hearts and rekindle the spirits of fathers / _c[compiled by] Jack Canfield, Mark Victor Hansen, Raksha Bharadia |
| 246 | 3 | 0 | _aIndian fathers |
| 260 |
_aChennai : _bWestland, _c2010 |
||
| 300 |
_axii, 337 p. ; _c22 cm. |
||
| 650 | 0 |
_aFathers _zIndia _vLiterary collections _9852583 |
|
| 650 | 0 |
_aFathers _zIndia _vAnecdotes _9852584 |
|
| 700 | 1 |
_aCanfield, Jack, _d1944-, _4com _9754732 |
|
| 700 | 1 |
_aBharadia, Raksha, _4com _9829192 |
|
| 700 | 1 |
_aHansen, Mark Victor, _d1944-, _4com _9852585 |
|
| 887 | _aprasenjit | ||
| 901 |
_aDB122249 : _b29.1.11 |
||
| 902 | _aE 823.010892051 C 432 | ||
| 904 | _aprasenjit | ||
| 949 |
_AVIRTUAITEM _D10000 _X100 _6DBA000122249ENG |
||
| 942 |
_2ddc _cBKS |
||
| 999 |
_aVIRTUA _c736331 _d736331 |
||
| 999 | _aVTLSSORT0080*0200*0400*0410*0440*0820*1300*2450*2460*2600*3000*6500*6501*7000*7002*7001*8520*9010*9020*9040*9992 | ||